| 000 | 00489nam a22002057a 4500 | ||
|---|---|---|---|
| 001 | 22187 | ||
| 005 | 20260406183035.0 | ||
| 008 | 260406b |||||||| |||| 00| 0 spa d | ||
| 041 | _aESP | ||
| 082 |
_a346.4 _bC34 |
||
| 100 | _aCastillo Freyre, Mario | ||
| 245 | _aDerechos reales: principales y de garantía | ||
| 260 |
_a : _b , _c2021 |
||
| 300 |
_a398 páginas : _b ; _c25 cm. |
||
| 440 | _a ; | ||
| 650 | _aDER | ||
| 654 | _aCDE | ||
| 700 | _a; | ||
| 942 |
_cLIB _dJUS _fJUS _n0 _2ddc |
||
| 999 |
_c22187 _d22187 |
||